Представление документа в формате RUSMARC

Поле Инд. ПП Название Значение
Тип записи a
Библиографический уровень a
001 Контрольный номер 8a13f6fe616d4a3f8381207cfa3572c5
005 Дата корректировки 20181120134556.0
100 a Данные общей обработки 20180816 ||| 0rusy0189 ca
101 0_ a Язык текста rus
102 a Страна публикации RU
200 1_ f Первые сведения об ответственности И.С. Суркова
a Заглавие Вид разрешённого использования земельного участка: отдельные проблемы правового регулирования и правоприменения
210 d Дата издания 2018
461 _0 1 2000
a Право и экономика
463 _0 1 2000
a №3
v С. 74-79
1 2101
d 2018
1 0014e42061029264a2d8bd8ffccf41e27c0
606 a Основная рубрика Природоресурсное право. Природоохранительное право
610 0_ a Ключевые слова ЗЕМЛЕПОЛЬЗОВАНИЕ
a Ключевые слова ЗЕМЕЛЬНОЕ ПРАВО
700 _1 a Фамилия Суркова
b Имя И.С.
801 _0 a Страна RU
b Организация РГУП
c Дата составления 20180816
g Правила каталогизации PSBO
801 _1 a Страна RU
b Организация РГУП
c Дата составления 20180816
g Правила каталогизации PSBO
901 t Тип документа b
w Контрольный № источника 4e42061029264a2d8bd8ffccf41e27c0
905 a Дата ввода 20180816